Lemle Rezső A németnyelvi [!német nyelvi] tankönyvírás módja : [könyvismertetés] /

Elmentve itt :
Bibliográfiai részletek
Szerző: Lux Gyula
További közreműködők: Lemle Rezső
Dokumentumtípus: Cikk
Megjelent: 1939
Sorozat:Magyar pedagógia : a Magyar Tudományos Akadémia Pedagógiai Bizottságának folyóirata 48
Kulcsszavak:Német nyelv tanítása könyvismertetés, Nyelvtanítás
Online Access:http://misc.bibl.u-szeged.hu/11202
LEADER 00763nab a2200193 i 4500
001 misc11202
005 20191106142023.0
008 170607s1939 hu o 0|| hun d
022 |a 0025-0260 
040 |a SZTE Miscellanea Repozitórium  |b hun 
041 |a hun 
100 1 |a Lux Gyula 
245 1 0 |a Lemle Rezső  |h [elektronikus dokumentum] :  |b A németnyelvi [!német nyelvi] tankönyvírás módja : [könyvismertetés] /  |c  Lux Gyula 
260 |c 1939 
300 |a 148-150 
490 0 |a Magyar pedagógia : a Magyar Tudományos Akadémia Pedagógiai Bizottságának folyóirata  |v 48 
695 |a Német nyelv tanítása könyvismertetés, Nyelvtanítás 
700 0 1 |a Lemle Rezső 
856 4 0 |u http://misc.bibl.u-szeged.hu/11202/1/mp_1939_3806_148-150.pdf  |z Dokumentum-elérés